Score 0/20 Timer 05:00
0 Plays Today
% Correct
Saimaa
100%
Päijänne
84.6%
Inarijärvi
76.9%
Kallavesi
76.9%
Pielinen
69.2%
Oulujärvi
69.2%
Näsijärvi
61.5%
Lokka
53.8%
Kemijärvi
53.8%
Keitele
30.8%
% Correct
Puruvesi
30.8%
Puula
23.1%
Pihlajavesi
15.4%
Orivesi
15.4%
Höytiäinen
15.4%
Haukivesi
7.7%
Pyhäselkä
7.7%
Yli-Kitka
7.7%
Suvasvesi
7.7%
Juojärvi
7.7%
Remove Ads.
Support Sporcle.
Get the best of Sporcle when you Go Orange. This ad-free experience offers more features, more stats, and more fun while also helping to support Sporcle. Thank you for becoming a member.

You're not logged in!

Compare scores with friends on all Sporcle quizzes.
OR
Log In

Sporcle TV

Today on Sporcle TV


Watch our educational content, quiz creation guides, and fun videos on Sporcle TV.

Show Comments

Extras

Created May 18, 2020ReportNominate
Tags:suomen

Top Quizzes Today


Score Distribution

Paid Content

Your Account Isn't Verified!

In order to create a playlist on Sporcle, you need to verify the email address you used during registration. Go to your Sporcle Settings to finish the process.

Report this User

Report this user for behavior that violates our Community Guidelines.

Details: